|
|
|
|
| LEADER |
00000cam a2200000 7i4500 |
| 001 |
0000036639 |
| 005 |
20190312093000.0 |
| 008 |
021119n |
| 020 |
|
|
|a 981204874X
|
| 090 |
0 |
0 |
|a TX714
|b .R4 2000
|
| 100 |
0 |
|
|a Redzuawan Ismail ,
|e author
|
| 245 |
0 |
0 |
|a Sedapnyaaa ... hidangan kegemaran Chef Wan :
|b masakan sehari-harian yang mudah daripada chef ternama Asia
|c Chef Wan Ismail
|
| 260 |
2 |
|
|a Singapore ;
|a Shah Alam, Selangor :
|b Times Books International ,
|c 2000
|
| 300 |
|
|
|a 199 p. :
|b col. ill. ; ;
|c 24 cm.
|
| 504 |
|
|
|a Includes index
|
| 650 |
|
0 |
|a Cookery, International
|
| 999 |
|
|
|a 1000080157
|b Book
|c OPEN SHELF (30 DAYS)
|e Gong Badak Campus
|